Neuromarketing ako nástroj zlepšenia zákazníckeho servisu vybraného podniku diplomová práca

Enregistré dans:
Détails bibliographiques
Auteur principal: Sýkorová, Laura
Collectivité auteur: Podnikovohospodárska fakulta EU so sídlom v Košiciach. Katedra obchodného podnikania
Autres auteurs: Weiss, Erik, 1979-
Format: Livre
Langue:slovaque
Publié: Košice 2025
Tags: Ajouter un tag
Pas de tags, Soyez le premier à ajouter un tag!

MARC

LEADER 00000nbm a2200000 4500
001 0309090
005 20251118132317.3
041 0 |a slo 
044 |a SK 
245 1 0 |a Neuromarketing ako nástroj zlepšenia zákazníckeho servisu vybraného podniku  |b diplomová práca  |c Laura Sýkorová ; školiteľ: Erik Weiss 
264 1 |a Košice  |c 2025 
300 |a 67 s. 
100 1 |a Sýkorová, Laura 
700 1 |a Weiss, Erik, 1979- 
710 2 |a Podnikovohospodárska fakulta EU so sídlom v Košiciach. Katedra obchodného podnikania